| 000 | 02661njm a2200301 a 4500 | ||
|---|---|---|---|
| 003 | BLK | ||
| 005 | 20250328134354.0 | ||
| 007 | sd ammalaaahaa | ||
| 008 | 250220b bu |||||s|||| 00| | bu d | ||
| 028 | _aВТА 1845 | ||
| 040 | _aBLK | ||
| 041 |
_aBUL _cBUL |
||
| 080 |
_aДруги видове песни. Естрада, джаз. Стари градски. Рок и попмузика. Чалга (поп фолк) _b784.7 _x(497.2)(086.72) _z784.7(497.2)(086.72) |
||
| 100 |
_9496200 _aЧаушев, Мустафа Арифов _d1943 - _gЕстраден певец. |
||
| 245 |
_aМустафа Чаушев _cсъпров. естраден оркестър; дир. Тончо Русев и др. |
||
| 260 |
_9210374 _aСофия _bБалкантон _c1975 |
||
| 300 |
_a1 грамофонна плоча _b33 об/мин, стерео _c30 см |
||
| 380 | _a7 | ||
| 500 | _aI страна 01. Една мечта (муз. и ар. Т. Русев, Ал. Михайлов) 3.25 02. Ти не разбра как те обичам (б. т. Надежда Захариева, Т. Русев) 3.15 03. Недоразумение (б. т. Надежда Захариева, Т. Русев) 3.10 04. Любов за теб (б. т. Надежда Захариева, Т. Русев) 3.10 05. Дъждовна балада (б. т. Кр. Станишев, К. Драгнев) 3.20 06. Никой в теб не вижда любовта (б. т. Надежда Захариева, Т. Славов) 4.55 II страна 07. Ако си отиде изведнъж (б. т. Надежда Захариева, Т. Русев) 3.55 08. Пролет (муз. и ар. Т. Русев, Д. Дамянов) 3.30 09. Надеждата (муз. и ар. Т. Русев, Д. Керелезов) 3.05 10. Вълшебник (б. т. Кр. Станишев, К. Драгнев) 2.50 11. Китка за теб (б. т. Г. Начев, Т. Русев) 3.35 12. Завинаги (З. Попова, Ем. Розин, М. Ваклинов) 3.20 | ||
| 511 | _aЕстраден оркестър, диригенти Тончо Русев (1—4, 6, 7, 9—12), Найден Андреев (5), Вили Казасян (8) | ||
| 518 | _aЗаписите са направени по време на концерт "Златният Орфей '78" – Слънчев бряг | ||
| 650 | 7 |
_9155090 _aЕстрада |
|
| 700 | 1 |
_9117583 _aРусев, Тончо Русев |
|
| 852 |
_aФ ІІ 3668 _bЦб |
||
| 856 |
_i0.00 _ldisable |
||
| 942 |
_cGPL _n0 |
||
| 944 |
_cСевдалина Тодорова _k30540 _lСевдалина Тодорова _a30540 |
||
| 999 |
_c530284 _d530284 |
||